1268 1276 1715 1231 1992 1026 1003 1087 1155 1535 2000 1541 1496 1243 1246 1466 1552 1981 1176 1915 1778 1738 1648 1541 1257 1025 1019 1200 1009 1747 1071 1770 1956 1892 1962 1299 1749 1520 1862 1199 1136 1374 1792 1672 1018 1056 1631 1714 1577 1718 1412 1277 1054 1557 1859 1034 1981 1151 1983 1573 1240 1090 1456 1457 1411 1570 1193 1984 1645 1163 1296 1499 1607 1048 1472 1590 1251 1584 1486 1739 1216 1720 1157 1657 1244 1306 1018 1817 1455 1214 1487 1639 1485 1444 1264 1868 1492 1890 1290 BCNSPRNW ULIB Ver.6.0+V

เปลี่ยนเป็นภาษาไทย

Change to English
 แสดงรายละเอียดบรรณานุกรม
  กลับหน้าหลัก

Brief Record : Get Marc (ISO 2709) : E-mail record : QR code < ปิดหน้าต่าง
LEADER : 00000nam 2200000uu 4500
001    13399112687
003     ULIB
008    110220s2552||||th 000 0 tha d
099    วจ.QU160^bจ531ค
100 0  จิราจันทร์ คณฑา
245 00 ความพึงพอใจในภาพลักษณ์ และการใช้ผลิตภัณฑ์อาหารและยา เพื่อควบคุมน้ำหนักในนักศึกษาพยาบาล/^cจิราจันทร์ คณฑา
260    นครสวรรค์:^bวิทยาลัยพยาบาลบรมราชชนนี สวรรค์ประชารักษ์ นครสวรรค์,^c2552
300    63 หน้า
650  7 ผลิตภัณฑ์เสริมอาหาร^xวิจัย
650  7 การควบคุมน้ำหนัก^xวิจัย
710 2  กระทรวงสาธารณสุข.^bสถาบันพระบรมราชนก.^bวิทยาลัยพยาบาลบรมราชชนนี สวรรค์ประชารักษ์ นครสวรรค์.
945    ^p0^l0^i027788
995    ทศพร
999 ^a ใช้งานได้ทุกระบบ
รายการนี้ยังไม่มีแท็ก
คุณยังไม่ได้ล็อกอิน คุณสามารถมีกิจกรรมร่วมกับเว็บไซต์ได้ แต่ต้องล็อกอินก่อน ::
  ล็อกอิน

รายการสื่อสารสนเทศ

ลำดับที่ ประเภท เลขเรียก/บาร์โค้ด สถานที่ สถานะ
- ไม่พบข้อมูล -

รายการใกล้เคียง
    ผู้แต่ง [จิราจันทร์ คณฑา]

BibComment


ยังไม่เคยถูกคอมเมนท์

คอมเมนท์ทรัพยากรรายการนี้
  คอมเมนท์: ความพึงพอใจในภาพล..


 Copyright 2026. Bcnsprnw @Library